Chargement en cours...
Manikyaveena: O N V yude therenhedutha 1001 ganangal /
| Auteur principal: | |
|---|---|
| Format: | Printed Book |
| Langue: | Malayalam |
| Publié: |
Kottayam :
D.C. Books ,
2006.
|
| Sujets: |
| LEADER | 00500nam a2200157Ia 4500 | ||
|---|---|---|---|
| 008 | 150624b xxu||||| |||| 00| p mal d | ||
| 999 | |c 85438 |d 85438 | ||
| 020 | |a 8126412852 | ||
| 100 | |a Kurup, O. N. V. | ||
| 245 | |c O. N. V. Kurup |a Manikyaveena: |b O N V yude therenhedutha 1001 ganangal / | ||
| 260 | |a Kottayam : |b D.C. Books , |c 2006. | ||
| 300 | |a 708 p. | ||
| 546 | |a In Malayalam. | ||
| 650 | |v Poetry | ||
| 942 | |c BK | ||
| 952 | |0 1 |1 4 |4 0 |7 0 |9 85382 |a UL |b UL |c ST1 |d 2006-12-06 |e CUB |l 0 |p 80838 |r 2012-10-27 |v 350.00 |y BK | ||